| 000 | 00494nam a2200193Ia 4500 | ||
|---|---|---|---|
| 003 | OSt | ||
| 005 | 20230614153319.0 | ||
| 008 | 210423s2008 xx 000 0 und d | ||
| 040 | _cAL | ||
| 041 | _aeng | ||
| 082 |
_a574.80285 _223 _bATTT |
||
| 100 |
_aATTWOOD (Teresa K);others. _9100706 |
||
| 245 | _aIntroduction to bioinformatics. | ||
| 260 |
_aNew Delhi _bPearson Education Pvt Ltd _c2008 |
||
| 300 | _axvii,237 | ||
| 365 |
_b215 _cINR |
||
| 906 | _abioinformatics | ||
| 942 |
_2ddc _cBK |
||
| 999 |
_c164013 _d164013 |
||